Estudio de prefactibilidad para la instalación de una planta procesadora y comercializadora de embutidos en el municipio de Masaya, departamento de Masaya, en el periodo 2023-2028

El desarrollo de este estudio de pre factibilidad consiste principalmente en evaluar la rentabilidad económica que se generaría al crear una empresa procesadora y comercializadora de embutidos analizando el comportamiento de mercado y sus aspectos cualitativos como gustos, preferencias y deseos, d...

Full description

Bibliographic Details
Main Authors: Anderson Acevedo, Ariel Alexander, Gallo Valdivia, Elliott Alberto,, López Hondoy, Pablo Antonio,
Other Authors: Tutor: Brenes González, Noel Antonio
Format: Tesis Section = Libro
Language:Undetermined
Spanish
Published: Managua UNI 2023
Subjects:
LEADER 01488nam a2200277Ia 4500
008 240830s9999 xx 000 0 und d
040 |a BIBLIOTECA-RUPAP/ Mon 658.11 A547 
041 |a spa 
082 |a Mon 658.11 A547 
100 1 |a Anderson Acevedo, Ariel Alexander 
100 1 |b Gallo Valdivia, Elliott Alberto, 
100 1 |c  López Hondoy, Pablo Antonio, 
245 1 0 |a Estudio de prefactibilidad para la instalación de una planta procesadora y comercializadora de embutidos en el municipio de Masaya, departamento de Masaya, en el periodo 2023-2028 
260 |a Managua  |b UNI  |c 2023 
300 |a 163 p. :il. 
500 |a Contiene: anexos y CD. 
502 |a Tesis (Ingeniero Industrial) - UNI, 2023. 
520 3 |a El desarrollo de este estudio de pre factibilidad consiste principalmente en evaluar la rentabilidad económica que se generaría al crear una empresa procesadora y comercializadora de embutidos analizando el comportamiento de mercado y sus aspectos cualitativos como gustos, preferencias y deseos, determinando la cantidad en requerimiento de mano de obra, maquinaria, insumos, matriz organizacional y estructura de costos para la puesta en marcha del proyecto, sujeto siempre a las leyes nacionales. 
650 7 |a  NUEVOS NEGOCIOS-PROYECTOS 
650 7 |b  ESTUDIOS DE FACTIBILIDAD 
650 7 |c  ESTUDIO FINANCIERO 
650 7 |d  EMBUTIDOS-COMERCIO 
700 1 |a Tutor:  |b Brenes González, Noel Antonio 
942 |c BK  |2 ddc 
991 |a Tesis 
999 |c 27576